People Express (Record no. 88954)

MARC details
000 -LEADER
fixed length control field 00536nam a2200193Ia 4500
008 - FIXED-LENGTH DATA ELEMENTS--GENERAL INFORMATION
fixed length control field 230125s9999 xx 000 0 und d
020 ## - INTERNATIONAL STANDARD BOOK NUMBER
International Standard Book Number 1-84112-211-4
041 ## - LANGUAGE CODE
Language code of text/sound track or separate title eng
082 ## - DEWEY DECIMAL CLASSIFICATION NUMBER
Classification number 658
Item number WHI
100 ## - MAIN ENTRY--PERSONAL NAME
Personal name Whiteley P
9 (RLIN) 112023
245 ## - TITLE STATEMENT
Title People Express
260 ## - PUBLICATION, DISTRIBUTION, ETC. (IMPRINT)
Date of publication, distribution, etc. 2002
Name of publisher, distributor, etc. Capstone publication
Place of publication, distribution, etc. London
300 ## - PHYSICAL DESCRIPTION
Extent 118p
440 ## - SERIES STATEMENT/ADDED ENTRY--TITLE
Title Essential Management Thinking At Your Fingertips Series
9 (RLIN) 107434
500 ## - GENERAL NOTE
Keywords Series Book;People Series Book
700 ## - ADDED ENTRY--PERSONAL NAME
Personal name Whiteley P
9 (RLIN) 112023
906 ## - LOCAL DATA ELEMENT F, LDF (RLIN)
b 24
Holdings
Withdrawn status Lost status Damaged status Not for loan Home library Current library Date acquired Vendor Cost, normal purchase price Bill number Total Checkouts Full call number Barcode Date last seen Cost, replacement price Bill Date Koha item type Original Barcode
        Smt. Hiraben Nanavati Institute of Management & Research for Women Smt. Hiraben Nanavati Institute of Management & Research for Women 28/04/2003 The Word Book Shop 160.00 15931   658 WHI B03460 HIMR-BK-3460 25/01/2023 136.00 10/04/2003 Books B03460